Teaching second language writing

Tallennettuna:
Bibliografiset tiedot
Päätekijä: CHERRY CAMPBELL
Aineistotyyppi: Kirja
Kieli:Undetermined
Julkaistu: Heinle and Heinle Publishers 1998
Tagit: Lisää tagi
Ei tageja, Lisää ensimmäinen tagi!
Thư viện lưu trữ: Trung tâm Học liệu Trường Đại học Cần Thơ
LEADER 00407nam a2200145Ia 4500
001 CTU_49570
008 210402s9999 xx 000 0 und d
082 |a 428.24 
082 |b C187 
100 |a CHERRY CAMPBELL 
245 0 |a Teaching second language writing 
245 0 |c CHERRY CAMPBELL 
260 |b Heinle and Heinle Publishers 
260 |c 1998 
980 |a Trung tâm Học liệu Trường Đại học Cần Thơ